Online
Catalog

Resumen de la legislación dominicana para la inversión extranjera / (Record no. 55830)

MARC details
000 -CABECERA
campo de control de longitud fija 01510nam a2200289 i 4500
003 - IDENTIFICADOR DEL NÚMERO DE CONTROL
campo de control DO-SdBNP
005 - FECHA Y HORA DE LA ÚLTIMA TRANSACCIÓN
campo de control 20240207123155.0
006 - CÓDIGOS DE INFORMACIÓN DE LONGITUD FIJA--CARACTERÍSTICAS DEL MATERIAL ADICIONAL
campo de control de longitud fija a||||gr|||| 00| 0
007 - CAMPO FIJO DE DESCRIPCIÓN FÍSICA--INFORMACIÓN GENERAL
campo de control de longitud fija ta
008 - DATOS DE LONGITUD FIJA--INFORMACIÓN GENERAL
campo de control de longitud fija 240207q1987 dr ||||| l||| 00| 0 spa d
040 ## - FUENTE DE LA CATALOGACIÓN
Centro catalogador/agencia de origen DO-SdBNP
Lengua de catalogación spa
Centro/agencia transcriptor BNPHU
Normas de descripción rda
082 #4 - NÚMERO DE LA CLASIFICACIÓN DECIMAL DEWEY
Número de edición 22
Número de documento/Ítem K17re
100 ## - ENTRADA PRINCIPAL--NOMBRE DE PERSONA
Nombre de persona Kaplan
9 (RLIN) 54211
Término indicativo de función/relación autor
240 10 - TÍTULO UNIFORME
Título uniforme leyes, etc
245 10 - MENCIÓN DE TÍTULO
Título Resumen de la legislación dominicana para la inversión extranjera /
Mención de responsabilidad, etc. Kaplan, Russin, Vecchi & Heredia Bonetti.
264 #1 - PRODUCCIÓN, PUBLICACIÓN, DISTRIBUCIÓN, FABRICACIÓN Y COPYRIGHT
Producción, publicación, distribución, fabricación y copyright Santo Domingo :
Nombre del de productor, editor, distribuidor, fabricante Banco del Comercio Dominicano,
Fecha de producción, publicación, distribución, fabricación o copyright [1987]
300 ## - DESCRIPCIÓN FÍSICA
Extensión 43 páginas ;
Dimensiones 21 cm.
336 ## - TIPO DE CONTENIDO
Fuente rdacontent
Término de tipo de contenido texto
Código de tipo de contenido txt
337 ## - TIPO DE MEDIO
Fuente rdamedia
Nombre/término del tipo de medio sin mediación
Código del tipo de medio n
338 ## - TIPO DE SOPORTE
Fuente rdacarrier
Nombre/término del tipo de soporte volumen
Código del tipo de soporte nc
505 ## - NOTA DE CONTENIDO CON FORMATO
Nota de contenido con formato I. Las Zonas Francas en la República Dominicana: Beneficios para el inversionista extranjero.--
Título II. Ley No. 861: Ley de Inversión Extanjera de la República Dominicana.--
-- III. Ley No. 69: Ley de Promoción de Exportaciones de la República Dominicana.--
-- IV. Ley No. 153: Ley de Incentivo Turístico de la República Dominicana.--
-- V. Ley No. 173: Ley de Protección a los Agentes Importadores de Mercancías.--
-- VI. Legislación Laboral en la República Dominicana.--
-- VII. Adquisición de Bienes Inmuebles por Extranjeros en la República Dominicana.--
-- VIII. La Iniciativa para la Cuenca del Caribe.
590 ## - NOTA LOCAL (RLIN)
Nota local Inventariado 2024 / MF
700 1# - PUNTO DE ACCESO ADICIONAL--NOMBRE DE PERSONA
Nombre de persona Russin
9 (RLIN) 52565
Término indicativo de función/relación autor
700 ## - PUNTO DE ACCESO ADICIONAL--NOMBRE DE PERSONA
Nombre de persona Vecchi
9 (RLIN) 52566
Término indicativo de función/relación autor
700 1# - PUNTO DE ACCESO ADICIONAL--NOMBRE DE PERSONA
Nombre de persona Heredia Bonetti, Luis
9 (RLIN) 9316
Término indicativo de función/relación autor
942 ## - ELEMENTOS DE PUNTO DE ACCESO ADICIONAL (KOHA)
Fuente del sistema de clasificación o colocación Dewey Decimal Classification
Tipo de ítem Koha Folleto
Holdings
Estado de retiro Estado de pérdida Fuente del sistema de clasificación o colocación Restricciones de uso No para préstamo Código de colección Localización permanente Ubicación/localización actual Ubicación en estantería Fecha de adquisición Fuente de adquisición Total de préstamos Signatura topográfica completa Código de barras Fecha visto por última vez Precio válido a partir de Tipo de ítem Koha
    Dewey Decimal Classification Excluido de préstamo   Patrimonio Dominicano Biblioteca Nacional Pedro Henríquez Ureña Biblioteca Nacional Pedro Henríquez Ureña En catalogación 07.02.2013 Donado por INTEC   K17re 2024-0778 07.02.2024 07.02.2024 Folleto

Powered by Koha